Manual de bioética general

Uloženo v:
Podrobná bibliografie
Hlavní autor: Polaino Lorente, Aquilino (Autor)
Médium: Kniha
Jazyk:španělština
Vydáno: Madrid Ediciones Rialp 1994
Vydání:2a. ed
Témata:
Tagy: Přidat tag
Žádné tagy, Buďte první, kdo vytvoří štítek k tomuto záznamu!

MARC

LEADER 00000nam a2200000 a 4500
001 UCT4303
003 CL-VaPUC
008 961108e19940000SP |||||||||||||||||spa|d
082 0 4 |a 179.7  |b POL  |2 21 
100 0 |a Polaino Lorente, Aquilino  |e author  |9 373578 
245 1 0 |a Manual de bioética general 
250 |a 2a. ed 
300 |a 490 p 
942 |c BK 
945 |d 19961108 00:00:00  |a nastorga 
260 |a Madrid  |b Ediciones Rialp  |c 1994 
650 0 |a Bioética  |9 256117 
650 0 |a Ética  |9 255099 
650 0 |a Dignidad  |9 317313 
650 0 |a Solidaridad  |9 259208 
650 0 |a Ciencia  |9 255691 
650 0 |a Conciencia  |9 309452 
650 0 |a Pensamiento  |9 307612 
650 0 |a Vida humana  |9 334108 
650 0 |a Leyes  |9 256670 
650 0 |a Libertad  |9 255686 
650 0 |a Derecho y legislación   |9 255077 
650 0 |a Medicina   |9 258507 
650 0 |a Manipulación genética  |9 373579 
650 7 |a TRANSPLANTES  |2 CL-VaPUC  |9 373580 
650 7 |a ESTERILIZACION  |2 CL-VaPUC  |9 324904 
650 0 |a Demografía   |9 260008 
650 0 |a Médicos   |9 339460 
650 7 |a SECRETO MEDICO  |2 CL-VaPUC  |9 373581 
650 0 |a Educación  |9 258661 
650 7 |a SUICIDIO  |2 CL-VaPUC  |9 317374 
650 0 |a Eutanasia  |9 255102 
583 |a last modification  |c 19961108 00:00:00  |k Rodrigo Vera 
999 |c 253709  |d 253707 
952 |0 0  |1 0  |4 0  |6 179_700000000000000_POL_1994  |7 0  |8 DER_TF  |9 274754  |a BIBDER  |b BIBDER  |d 2019-11-19  |i 3249786  |l 1  |m 1  |o 179.7 POL 1994  |p 3249786  |r 2023-01-25  |s 2022-08-18  |w 2019-11-19  |x Ubicación 4to Piso  |y BK  |z Estos recursos deben solicitarse con anticipación  |k DER